Organization structures : theory and design, analysis and prescription / Baligh Helmy. (Record no. 20818)

000 -LEADER
fixed length control field 00713nam a22002057a 4500
020 ## - INTERNATIONAL STANDARD BOOK NUMBER
ISBN 0387258477
082 ## - DEWEY DECIMAL CLASSIFICATION NUMBER
Classification number 658.4012
Item number B186 2006
100 ## - MAIN ENTRY--AUTHOR NAME
Personal name Baligh, Helmy H., author.
245 ## - TITLE STATEMENT
Title Organization structures : theory and design, analysis and prescription / Baligh Helmy.
250 ## - EDITION STATEMENT
Edition statement First edition.
260 ## - PUBLICATION, DISTRIBUTION, ETC. (IMPRINT)
Place of publication New York :
Name of publisher Springer,
Year of publication ©2006.
300 ## - PHYSICAL DESCRIPTION
Number of Pages 1 online resource, xii, 476, pages
Other physical details
490 ## - SERIES STATEMENT
Series statement International Series in Operations Research & Management Science.
500 ## - GENERAL NOTE
General note Includes bibliographical references and index.
650 ## - SUBJECT ADDED ENTRY--TOPICAL TERM
Topical Term Organizational Theory.
650 ## - SUBJECT ADDED ENTRY--TOPICAL TERM
Topical Term Organizational design.
650 ## - SUBJECT ADDED ENTRY--TOPICAL TERM
Topical Term Business structure.
650 ## - SUBJECT ADDED ENTRY--TOPICAL TERM
Topical Term Management science.
942 ## - ADDED ENTRY ELEMENTS (KOHA)
Koha item type Electronic Books
Holdings
Source of acquisition Permanent Location Date acquired Collection code Koha item type Lost status Shelving location Withdrawn status Current Location Full call number
DonationCagayan State University - Carig Library2025-05-27E-BooksElectronic Books E-Resource Section Cagayan State University - Carig Library658.4012 B186 2006.

Cagayan State University University Library, Carig Campus
Tuguegarao City, Cagayan 3500 | www.csucarig.edu.ph

Powered by Koha